[Event "MTO"]
[Site "Biel SUI"]
[Date "2009.07.21"]
[Round "2"]
[White "Kritz,L"]
[Black "Kamber,B"]
[Result "1-0"]
[WhiteElo "2589"]
[BlackElo "2318"]

1.e4 c5 2.Nf3 e6 3.d4 cxd4 4.Nxd4 Nc6 5.Nb5 Nf6 6.N1c3 d6 7.Bf4 e5 8.Bg5 a6
9.Na3 b5 10.Nd5 Be7 11.Bxf6 Bxf6 12.c3 Ne7 13.Nxf6+ gxf6 14.Be2 f5 15.exf5 Bxf5
16.Nc2 Qd7 17.O-O O-O 18.Qd2 Kh8 19.Rad1 Rg8 20.Ne3 Rg6 21.Bh5 Rf6 22.f4 Bg6
23.Bf3 Rg8 24.fxe5 Rxf3 25.Rxf3 Bh5 26.exd6 Nc6 27.Qd5 Bxf3 28.Qxf3 Rg6 29.Qxc6 Qxc6
30.d7 Rxg2+ 31.Nxg2 Qb6+ 32.Rd4 Qd8 33.Kf2 Kg7 34.Ke2 Kf6 35.Kd3 Ke7 36.Nf4 f5
37.Kc2 a5 38.Nd3 Ke6 39.Nc5+  1-0

[Event "ch-Euro Senior"]
[Site "Rogaska Slatina SLO"]
[Date "2009.07.22"]
[Round "1"]
[White "Gruzmann,B"]
[Black "Tavcar,R"]
[Result "1-0"]
[WhiteElo "2236"]
[BlackElo "2054"]

1.e4 c5 2.Nf3 e6 3.d4 cxd4 4.Nxd4 Nc6 5.Nb5 d6 6.c4 Nf6 7.N1c3 Be7 8.Bf4 e5
9.Bg5 a6 10.Bxf6 gxf6 11.Na3 O-O 12.Bd3 Kh8 13.O-O Rg8 14.Kh1 Nd4 15.Nc2 Ne6
16.Nd5 Bd7 17.Qh5 Nc5 18.Qe2 Bc6 19.Nce3 Ne6 20.Rad1 Bf8 21.Bb1 Nd4 22.Qh5 Rg6
23.f4 Bh6 24.Nf5 Bf8 25.Nxd4 exd4 26.Rxd4 Bg7 27.Qd1 Rh6 28.Ne3 Qb6 29.Nf5 Rg6
30.Qd2 Bf8 31.b4 Re8 32.a4 Bxa4 33.Nxd6 Bxd6 34.Rxd6 Qc7 35.Qd4 Kg7 36.e5 fxe5
37.fxe5 Rge6 38.Qg4+ Kh8 39.Qf5 Rg6 40.Qf4 Bc6 41.Bxg6 hxg6 42.e6 fxe6 43.Qf6+ Qg7
44.Rxe6 Qxf6 45.Rxe8+ Bxe8 46.Rxf6 Kg7 47.Re6 Bc6 48.b5 axb5 49.cxb5 Bd5
50.Re5 Bc4 51.Re7+  1-0

[Event "OK Open"]
[Site "Oklahoma City USA"]
[Date "2009.07.25"]
[Round "3"]
[White "Coleman,M"]
[Black "Johnson,C"]
[Result "1-0"]
[WhiteElo "2212"]
[BlackElo "1750"]

1.e4 c5 2.Nf3 Nc6 3.d4 cxd4 4.Nxd4 e6 5.Nb5 d6 6.c4 a6 7.N5a3 Nf6 8.Nc3 Be7
9.Be2 O-O 10.O-O Bd7 11.Be3 Rc8 12.Rc1 Ne5 13.f4 Ng6 14.Kh1 Bc6 15.Bd3 h5
16.Nc2 d5 17.cxd5 exd5 18.e5 Ng4 19.Bg1 Nh4 20.Nd4 g6 21.e6 Bc5 22.h3 Nh6
23.exf7+ Kxf7 24.f5 Qg5 25.Qe2 Rce8 26.Ne6 Qxg2+ 27.Qxg2 Nxg2 28.Bxc5 Nxf5
29.Nxf8  1-0

[Event "Czech Open A"]
[Site "Pardubice CZE"]
[Date "2009.07.25"]
[Round "2"]
[White "Matvienko,I"]
[Black "Laznicka,V"]
[Result "0-1"]
[WhiteElo "2304"]
[BlackElo "2617"]

1.e4 c5 2.Nf3 e6 3.d4 cxd4 4.Nxd4 Nc6 5.Nb5 d6 6.c4 Nf6 7.N1c3 a6 8.Nd4 Be7
9.Be2 O-O 10.O-O Bd7 11.Be3 Qa5 12.Nb3 Qc7 13.Rc1 Rfc8 14.f3 Ne5 15.f4 Ng6
16.Qe1 Be8 17.Kh1 b6 18.Nd4 Rab8 19.b3 Bd8 20.Bf3 Qe7 21.a4 Nd7 22.Qg3 Nc5
23.Bh5 Qh4 24.Qf3 Nd3 25.g3 Qe7 26.Rcd1 Nc5 27.Qe2 Qb7 28.Bf3 Qc7 29.Nb1 Bf6  0-1

[Event "ch-Euro Senior"]
[Site "Rogaska Slatina SLO"]
[Date "2009.07.26"]
[Round "5"]
[White "Gruzmann,B"]
[Black "Plachetka,J"]
[Result "0-1"]
[WhiteElo "2236"]
[BlackElo "2370"]

1.e4 c5 2.Nf3 Nc6 3.d4 cxd4 4.Nxd4 e6 5.Nb5 d6 6.c4 Nf6 7.N1c3 a6 8.Na3 Be7
9.Be2 O-O 10.O-O b6 11.Be3 Re8 12.Qb3 Rb8 13.Rfd1 Qc7 14.Rd2 Ne5 15.Qd1 Bb7
16.Rd4 Ned7 17.Rc1 Rbc8 18.f3 Qb8 19.Nc2 d5 20.cxd5 exd5 21.Nxd5 Nxd5 22.exd5 Bd6
23.Rh4 Nf6 24.Bg5 Nxd5 25.Bc4 Bf4 26.Bxf4 Nxf4 27.Nd4 Red8 28.Rc3 Qe5  0-1

[Event "Open"]
[Site "Kavala GRE"]
[Date "2009.08.01"]
[Round "1"]
[White "Predojevic,B"]
[Black "Cherenkova,K"]
[Result "1-0"]
[WhiteElo "2644"]
[BlackElo "2264"]

1.e4 c5 2.Nf3 e6 3.d4 cxd4 4.Nxd4 Nc6 5.Nb5 d6 6.c4 Nf6 7.N1c3 a6 8.Na3 Be7
9.Be2 O-O 10.O-O b6 11.Be3 Bb7 12.f3 Ne5 13.Kh1 Rc8 14.Rc1 Ned7 15.Qd2 Qc7
16.Rfd1 Qb8 17.Bf1 Ne8 18.Nc2 Bd8 19.Bg1 Bc7 20.Ne3 Nef6 21.b4 Kh8 22.Na4 Rg8
23.Qb2 Qa8 24.Rc2 a5 25.Nc3 Bc6 26.a3 Rgd8 27.Nb5 Bxb5 28.cxb5 axb4 29.axb4 Qb7
30.Rdc1 Bb8 31.Qa2 Rxc2 32.Qxc2 Ne5 33.f4 Ng6 34.Qc6 Qe7 35.g3 d5 36.exd5 exd5
37.Bg2 Qd6 38.Qxd6 Bxd6 39.Nxd5 Nxd5 40.Bxd5 Bxb4 41.Bxf7 Ba5 42.Bxg6 hxg6
43.Rc6 Kh7 44.Bxb6 Bxb6 45.Rxb6 Rd2 46.Rb8 g5 47.fxg5 Kg6 48.Rb7 Rb2 49.Kg1 Rd2
50.h4 Rb2 51.Kf1 Kf5 52.Rxg7 Rxb5 53.Kg2  1-0

[Event "110th US Open"]
[Site "Indianapolis USA"]
[Date "2009.08.02"]
[Round "2"]
[White "Yu,C"]
[Black "Zivanic,M"]
[Result "0-1"]
[WhiteElo "2207"]
[BlackElo "2471"]


1.Nf3 c5 2.e4 e6 3.d4 cxd4 4.Nxd4 Nc6 5.Nb5 d6 6.c4 Nf6 7.N1c3 a6 8.Na3 Be7
9.Be2 O-O 10.O-O Qc7 11.Be3 Ne5 12.Rc1 b6 13.f3 Bb7 14.Qe1 Ned7 15.Qf2 Rac8
16.Rfd1 Bd8 17.b4 Qb8 18.Kh1 Bc7 19.Qg1 Kh8 20.Na4 Ba8 21.c5 b5 22.Nb6 Bxb6
23.cxb6 d5 24.Nxb5 Rxc1 25.Rxc1 axb5 26.Bxb5 dxe4 27.fxe4 Bxe4 28.a4 Ne5
29.Bf1 Nd5 30.Bc5 Rd8 31.Rd1 Nf3 32.gxf3 Bxf3+ 33.Bg2 Bxd1 34.Qxd1 Nxb6 35.Qa1 Nd7
36.Bd4 Qxb4 37.Bxg7+ Kg8 38.Bc3 Qg4 39.h3 Qg6 40.a5 Nc5 41.Qg1 Nd3 42.a6 Qg3
43.Bd4 Nf4 44.Bb7 Ne2 45.Qxg3+ Nxg3+ 46.Kg2 Rxd4 47.a7 Ra4 48.a8=Q+ Rxa8
49.Bxa8 Nf5 50.Be4 Kg7 51.Kf2 Kf6 52.Bb1 Kg5 53.Kg1 Kf4 54.Kf2 h6 55.Ba2 Nd6
56.Bb3 e5 57.Bd5 f5 58.Bg2 e4 59.Bf1 Ke5 60.h4 f4 61.h5 f3 62.Kg3 Nf5+ 63.Kh2 e3
64.Bh3 e2 65.Bf1 e1=Q  0-1

[Event "FSIMB August"]
[Site "Budapest HUN"]
[Date "2009.08.04"]
[Round "4"]
[White "Lengyel,B"]
[Black "Balazs,G2"]
[Result "1/2-1/2"]
[WhiteElo "2257"]
[BlackElo "2277"]

1.e4 c5 2.Nf3 Nc6 3.d4 cxd4 4.Nxd4 e6 5.Nb5 d6 6.c4 Nf6 7.N1c3 a6 8.Na3 Be7
9.Be2 O-O 10.O-O b6 11.Be3 Ne5 12.f3 Bb7 13.Qb3 Ned7 14.Rfd1 Qc7 15.Rac1 Rac8
16.Qc2 Qb8 17.Qd2 Bd8 18.g3 Bc7 19.Qe1 Rfe8 20.Qf2 Qa8 21.Nc2 Bb8 22.Nd4 Ne5
23.b3 Bc7 24.g4 Ng6 25.h4 d5 26.exd5 exd5 27.g5 Nh5 28.Nf5 dxc4 29.bxc4 Ngf4
30.Bf1 Re5 31.Nd6 Bxd6 32.Rxd6 Bxf3 33.Bxf4 Nxf4 34.Qxb6 Re6 35.Rxe6 Nxe6
36.Qe3 Qc6 37.Kf2 Bh5 38.Nd5 Qd6 39.Qg3 Qc5+  1/2-1/2

[Event "Open"]
[Site "Kavala GRE"]
[Date "2009.08.06"]
[Round "7"]
[White "Bartel,Mat"]
[Black "Marjanovic,Slavo"]
[Result "0-1"]
[WhiteElo "2619"]
[BlackElo "2475"]

1.e4 c5 2.Nf3 e6 3.d4 cxd4 4.Nxd4 Nc6 5.Nb5 d6 6.Bf4 e5 7.Be3 a6 8.N5c3 Nf6
9.Nd5 Nxd5 10.exd5 Ne7 11.c4 Nf5 12.Bd2 Be7 13.Bd3 O-O 14.O-O Nh4 15.Nc3 Bd7
16.f4 exf4 17.Bxf4 Ng6 18.Be3 Bf6 19.Ne4 Bxb2 20.Rb1 Be5 21.Qh5 f6 22.c5 Bb5
23.Bxb5 axb5 24.cxd6 Bxd6 25.Rxb5 Qe8 26.Nxd6 Qxe3+ 27.Kh1 Rxa2 28.Rxb7 Qf4
29.Qf3 Qxd6 30.Rc1 Re8 31.h4 Nxh4  0-1

[Event "A2Bmedialtd.com Int Gp C"]
[Site "Uxbridge ENG"]
[Date "2009.08.13"]
[Round "2"]
[White "McKenna,Jas"]
[Black "Byron,A"]
[Result "0-1"]
[WhiteElo "2146"]
[BlackElo "2173"]

1.e4 c5 2.Nf3 e6 3.d4 cxd4 4.Nxd4 Nc6 5.Nb5 d6 6.c4 Nf6 7.N1c3 a6 8.Na3 Be7
9.Be2 b6 10.O-O Bb7 11.Be3 O-O 12.Qd2 Nb8 13.f3 Nbd7 14.Rfd1 Rc8 15.Rac1 Qc7
16.Bf1 Kh8 17.Kh1 Rg8 18.Nc2 Ne5 19.Nd4 g5 20.Bxg5 Rxg5 21.Qxg5 Nxe4 22.Qe3 Bg5
23.f4 Ng4 24.Qe2 Nef2+ 25.Kg1 Bxf4 26.Nf3 Qc5  0-1

[Event "ch-RUS HL"]
[Site "Ulan Ude RUS"]
[Date "2009.09.11"]
[Round "9"]
[White "Galkin,A"]
[Black "Yemelin,V"]
[Result "1-0"]
[WhiteElo "2608"]
[BlackElo "2570"]

1.e4 c5 2.Nf3 e6 3.d4 cxd4 4.Nxd4 Nc6 5.Nb5 d6 6.c4 Nf6 7.N1c3 a6 8.Na3 b6
9.Be2 Bb7 10.O-O Nb8 11.f3 Be7 12.Be3 O-O 13.Qe1 Nbd7 14.Qf2 Qc7 15.Rac1 Rac8
16.Rfd1 Rfe8 17.Bf1 Ba8 18.Kh1 Qb8 19.Rc2 Bd8 20.Rcd2 Bc7 21.Nc2 Rcd8 22.Qh4 Bb7
23.Bg1 Rc8 24.Ne3 Ne5 25.Qf2 Ng6 26.a3 Ne5 27.h3 Rcd8 28.Qe1 Bc6 29.Bh2 h6
30.Ng4 Nfd7 31.Qh4 Rc8 32.Qf2 Bb7 33.Nxe5 Nxe5 34.f4 Ng6 35.f5 Ne5 36.f6 Rcd8
37.fxg7 Kxg7 38.Be2 Rf8 39.Bh5 f6 40.Bxe5 fxe5 41.Qg3+ Kh8 42.Qg6 Rd7 43.Qxe6 Rh7
44.Rxd6 Bxd6 45.Rxd6 Qc7 46.Qxe5+ Qg7 47.Qxg7+ Rxg7 48.Bf3 Rc8 49.Rxh6+ Kg8
50.Bg4  1-0

[Event "XingQiu Open"]
[Site "Lishui CHN"]
[Date "2009.09.21"]
[Round "5"]
[White "Ma Qun"]
[Black "Dzagnidze,N"]
[Result "1/2-1/2"]
[WhiteElo "2337"]
[BlackElo "2535"]

1.e4 c5 2.Nf3 e6 3.d4 cxd4 4.Nxd4 Nc6 5.Nb5 d6 6.c4 a6 7.N5c3 Nf6 8.Be2 Be7
9.O-O O-O 10.Be3 b6 11.Nd2 Bb7 12.Rc1 Nd7 13.Nb3 Nc5 14.f3 Rc8 15.Qd2 Qc7
16.Nd4 Qb8 17.Nxc6 Bxc6 18.b4 Nd7 19.a3 b5 20.cxb5 axb5 21.a4 bxa4 22.b5 Bb7
23.Nxa4 d5 24.exd5 Bxd5 25.Rxc8 Rxc8 26.Rc1 Rxc1+ 27.Qxc1 Bd6 28.h3 h6 29.b6 Bb3
30.Qc6 Bxa4 31.Qxa4 Nxb6 32.Qb5 Nd5 33.Qxb8+ Bxb8 34.Bd2 Bg3 35.Bc4 Ne7 36.Bd3 f5
37.Kf1 Ng6 38.Bc3 Kf7 39.Bc4 h5 40.Bb3 h4 41.Ba5 Ke7 42.Bd2 Kf6 43.Ba5 Bd6
44.Be1 Be7 45.Ba4 Kf7 46.Bd2 Ne5 47.Bb5 g5 48.f4 gxf4 49.Bxf4 Ng6 50.Bd2 Bf6
51.Be1 Nf4 52.Bd7 Nh5 53.Bc8 Bg5 54.Bc3 Ng3+ 55.Ke1 Bf6 56.Bb4 e5 57.Kf2 Kg6
58.Bd7 Bd8 59.Bc6 Bb6+ 60.Ke1 Kf6 61.Kd1 Bf2 62.Ba5 Ke7 63.Bb4+ Ke6 64.Ba5 Kd6
65.Bb7 e4 66.Bd8 Nh5 67.Ke2 Bg3 68.Bg5 Ke5 69.Bc8 Ng7 70.Bd7 f4 71.Bh6 Nf5
72.Bxf5 Kxf5 73.Bf8 Ke5 74.Be7 Ke6 75.Bd8 Kd5 76.Be7 e3 77.Bd8 Ke4 78.Be7 Bf2
79.Bd8 Ke5  1/2-1/2

[Event "ch-ChessClub A"]
[Site "Reykjavik ISL"]
[Date "2009.09.23"]
[Round "2"]
[White "Omarsson,D"]
[Black "Bjornsson,Si"]
[Result "0-1"]
[WhiteElo "2099"]
[BlackElo "2287"]

1.e4 c5 2.Nf3 e6 3.d4 cxd4 4.Nxd4 Nc6 5.Nb5 d6 6.Bf4 e5 7.Be3 Nf6 8.Bg5 Be6
9.N1c3 a6 10.Bxf6 gxf6 11.Na3 b5 12.Nd5 Bg7 13.c3 O-O 14.Nc2 f5 15.exf5 Bxf5
16.Nce3 Be6 17.Bd3 f5 18.a4 Rb8 19.axb5 axb5 20.Bc2 Kh8 21.Qh5 Qd7 22.O-O e4
23.f3 Be5 24.g3 Qg7 25.Kh1 b4 26.Ra6 Ne7 27.fxe4 fxe4 28.Rxf8+ Rxf8 29.Bxe4 Nxd5
30.Nxd5 Bg4 31.Qh4 Qf7 32.Nf4 Bxf4 33.Qxg4 Qc4  0-1

[Event "TCh-ROU Superliga"]
[Site "Eforie Nord ROU"]
[Date "2009.09.25"]
[Round "7"]
[White "Fedorov,Alex"]
[Black "Svetushkin,D"]
[Result "1/2-1/2"]
[WhiteElo "2600"]
[BlackElo "2570"]

1.e4 c5 2.Nf3 e6 3.d4 cxd4 4.Nxd4 Nc6 5.Nb5 d6 6.c4 Nf6 7.N1c3 a6 8.Na3 Be7
9.Be2 O-O 10.O-O b6 11.Bf4 Bb7 12.Qd2 Ne5 13.f3 Ng6 14.Be3 Re8 15.Rfd1 d5
16.cxd5 exd5 17.exd5 Bb4 18.Nc2 Nxd5 19.Nxb4 Nxe3 20.Qxd8 Raxd8 21.Rxd8 Rxd8
22.Kf2 a5 23.Kxe3 axb4 24.Na4 Re8+ 25.Kf2 Nf4 26.Re1 Rc8 27.g3 Nh3+ 28.Kg2 Ng5
29.Bd1 Rd8 30.Kf2 g6 31.h4 Ne6 32.Nxb6 Rd2+ 33.Ke3 Rxb2 34.Re2 Rb1 35.Rd2 Nc5
36.Nd7 Nxd7 37.Rxd7 Bc6 38.Rd4 Kg7 39.g4 Rc1 40.g5 h6 41.Kd2 Ra1 42.Bb3 Rf1
43.f4 Rh1 44.Rd6 Be8 45.Rd8 Bc6 46.gxh6+ Kxh6 47.Bxf7 Kg7 48.Bb3 Rxh4 49.Ke3 Bh1
50.Rd7+ Kh6 51.Rd8 Kg7 52.Rb8 Rh3+ 53.Kd4 Rf3 54.Rg8+ Kh7 55.Rf8 g5 56.Bd5 Rf1
57.Bxh1 Rxh1 58.fxg5 Rh2 59.Ra8 Kg6 60.Ra5 Rc2  1/2-1/2

[Event "17th TCh-Eur"]
[Site "Novi Sad SRB"]
[Date "2009.10.22"]
[Round "1"]
[White "Lupulescu,C"]
[Black "Docx,S"]
[Result "1/2-1/2"]
[WhiteElo "2599"]
[BlackElo "2384"]

1.e4 c5 2.Nf3 e6 3.d4 cxd4 4.Nxd4 Nc6 5.Nb5 d6 6.c4 Nf6 7.N1c3 a6 8.Na3 b6
9.Be3 Bb7 10.Be2 Be7 11.O-O O-O 12.f3 Qc7 13.Rc1 Ne5 14.Qd4 Nfd7 15.Kh1 Rac8
16.Qd2 Ng6 17.Nc2 Rfd8 18.Nd4 Bf6 19.b4 Qb8 20.Rfd1 Nge5 21.Na4 d5 22.cxd5 exd5
23.exd5 b5 24.Rxc8 Qxc8 25.Rc1 Qa8 26.Nc3 Nb6 27.Ne4 Nxd5 28.Nf5 Be7 29.Bd4 f6
30.Qb2 Qb8 31.Nxe7+ Nxe7 32.Nc5 N7c6 33.Bf2 Kh8 34.a3 Ne7 35.Bg3 N7g6 36.Rd1 Rxd1+
37.Bxd1 Qd6 38.Bb3 Ba8 39.Qc3 h5 40.h3 h4 41.Bf2 Qc6 42.Bc2 Qc8 43.Ne4 Qxc3
44.Nxc3 Nf4 45.Bxh4 Nxg2 46.Kxg2 Nxf3 47.Kg3 g5 48.Be4 Bxe4 49.Nxe4 Nxh4
50.Nxf6 Kg7 51.Ne8+ Kg6 52.Nc7 Nf5+ 53.Kf2 Nd4 54.Nxa6 Nc2 55.Nc7 Nxa3 56.Kg3 Kf5  1/2-1/2

[Event "Chigorin Mem Open"]
[Site "St Petersburg RUS"]
[Date "2009.10.24"]
[Round "9"]
[White "Alavkin,A"]
[Black "Khairullin,I"]
[Result "0-1"]
[WhiteElo "2428"]
[BlackElo "2604"]

1.e4 c5 2.Nf3 e6 3.d4 cxd4 4.Nxd4 Nc6 5.Nb5 d6 6.c4 Nf6 7.N1c3 a6 8.Na3 b6
9.Be2 Bb7 10.Be3 Be7 11.O-O O-O 12.f3 Ne5 13.Qd2 Rc8 14.Rac1 Nfd7 15.Kh1 Kh8
16.Qe1 f5 17.exf5 Rxf5 18.f4 Ng6 19.Bg4 Rf6 20.Bf3 Bxf3 21.Rxf3 Qc7 22.Ne4 Rff8
23.Qe2 b5 24.Kg1 Qb7 25.Ng3 bxc4 26.Rxc4 Rxc4 27.Qxc4 d5 28.Qc2 Bd6 29.Ne2 Rc8
30.Qb3 Qxb3 31.axb3 Nh4 32.Rh3 Nf5 33.Kf1 Nf6 34.Bd4 Ng4 35.Rc3 Rxc3 36.Bxc3 Nxh2+
37.Kg1 Ng4 38.b4 Kg8 39.Nc2 Kf7 40.Ne1 Nf6 41.Nd3 Ne4 42.Be5 Ke7 43.Kh2 g5
44.fxg5 Bxe5+ 45.Nxe5 Nxg5 46.Nc6+ Kd6 47.Nb8 d4 48.Nxa6 e5 49.b5 e4 50.g4 d3
51.Nc3 d2 52.b6 Kc6 53.Nb4+ Kb7 54.Nbd5 e3 55.Nf4 Nd4 56.Kg2 Nge6  0-1

[Event "FSIM November"]
[Site "Budapest HUN"]
[Date "2009.11.11"]
[Round "5"]
[White "Lengyel,B"]
[Black "Erdelyi,Z"]
[Result "0-1"]
[WhiteElo "2271"]
[BlackElo "2362"]

1.e4 c5 2.Nf3 e6 3.d4 cxd4 4.Nxd4 Nc6 5.Nb5 d6 6.c4 Nf6 7.N1c3 a6 8.Na3 Be7
9.Be2 O-O 10.O-O b6 11.Be3 Ne5 12.f4 Ned7 13.Bf3 Bb7 14.Qe2 Qc7 15.Rad1 Rac8
16.g4 h6 17.h4 Nh7 18.h5 Rfe8 19.Qg2 d5 20.e5 b5 21.Nxd5 exd5 22.cxd5 Bc5
23.Bxc5 Qxc5+ 24.Qf2 Nb6 25.Qxc5 Rxc5 26.d6 Bxf3 27.Rxf3 Nf8 28.b4 Rc6 29.Rd2 f6  0-1

[Event "FSIM December"]
[Site "Budapest HUN"]
[Date "2009.12.10"]
[Round "6"]
[White "Lengyel,B"]
[Black "Denisov,I"]
[Result "1/2-1/2"]
[WhiteElo "2271"]
[BlackElo "2241"]

1.e4 c5 2.Nf3 e6 3.d4 cxd4 4.Nxd4 Nc6 5.Nb5 d6 6.c4 Nf6 7.N1c3 a6 8.Na3 Be7
9.Be2 b6 10.O-O Bb7 11.Be3 Nb8 12.f3 Nbd7 13.Rc1 O-O 14.Qd2 Qc7 15.Rfd1 Rfe8
16.Qe1 Rac8 17.Qf2 Qb8 18.Nc2 Ne5 19.Na3 Ned7 20.Nc2 Bf8 21.Kh1 Ba8 22.Bf4 Ne5
23.Qf1 Rc7 24.Rd4 Nh5 25.Be3 Ng6 26.Qf2 Nhf4 27.Bf1 Be7 28.Rcd1 Rec8 29.R4d2 Rb7
30.c5 bxc5 31.Bxa6 Rxb2 32.Bxc8 Qxc8 33.Ne1 Rb6 34.Rb2 Rxb2 35.Qxb2 h6 36.g3 Nh5
37.Rb1 Kh7 38.Qb8 Qa6 39.Qb5 Qa7 40.Kg1 d5 41.exd5 exd5 42.Bf2 d4 43.Na4 Ne5
44.Nb6 Qxa2 45.Nxa8 Qxa8 46.Qe2 Qd5 47.f4 Ng6 48.Qf3 Qa2 49.Rb7 Nf6 50.h3 Bd6
51.Rb6 Bf8 52.Rb8 Bd6 53.Ra8 Qb1 54.Kg2 Ne4 55.Re8 Nxf2 56.Kxf2 Qf5 57.Qc6 Be7
58.Qc8 Qe4 59.f5 Nf8 60.f6 gxf6 61.Rxf8 Bxf8 62.Qxf8 Qd5 63.Nd3 c4 64.Nf4 Qd7
65.g4 d3 66.Nh5 Qd4+ 67.Kf1 Qa1+  1/2-1/2

[Event "IRT 35th Ann ALEX"]
[Site "Rio de Janeiro ARG"]
[Date "2009.12.17"]
[Round "2"]
[White "Chauca,J"]
[Black "Mascarenhas,Alb"]
[Result "0-1"]
[WhiteElo "2057"]
[BlackElo "2206"]

1.e4 c5 2.Nf3 e6 3.d4 cxd4 4.Nxd4 Nc6 5.Nb5 d6 6.c4 a6 7.N5a3 Nf6 8.Nc3 Be7
9.Be2 O-O 10.O-O e5 11.Nc2 h6 12.Be3 Be6 13.f3 Rc8 14.Qd2 Na5 15.b3 b5 16.Nd5 Nxd5
17.cxd5 Bd7 18.Nb4 Ra8 19.Rac1 Qe8 20.Rc2 f5 21.Rfc1 fxe4 22.fxe4 Qg6 23.Rc7 Bh3
24.Bh5 Qxh5 25.Rxe7 Rac8 26.Nc6 Nxc6 27.dxc6 Qg6 28.Qd5+ Kh7 29.Rc2 Qf6 30.Qd3 Qxe7
31.gxh3 Rf6 32.Bb6 Qe8 33.c7  0-1

[Event "Pan-American Intercollegiate"]
[Site "South Padre Island USA"]
[Date "2009.12.29"]
[Round "5"]
[White "Kritz,L"]
[Black "Gareev,T"]
[Result "1-0"]
[WhiteElo "2607"]
[BlackElo "2590"]

1.e4 c5 2.Nf3 e6 3.d4 cxd4 4.Nxd4 Nc6 5.Nb5 d6 6.c4 Nf6 7.N1c3 a6 8.Na3 Be7
9.Be2 O-O 10.O-O b6 11.Be3 Ne5 12.f4 Ng6 13.g3 Bb7 14.Bf3 Qc7 15.Rc1 Rfe8
16.Qe2 Rac8 17.Qf2 Nd7 18.b4 Qb8 19.Na4 d5 20.exd5 Bxb4 21.Nc2 Bc5 22.Bxc5 Nxc5
23.Nxb6 Nd3 24.Qd4 Nxc1 25.Nxc8 Qxc8 26.Rxc1 Ne7 27.Ne3 Nxd5 28.Rb1 Nc3 29.Bxb7 Ne2+
30.Kf2 Nxd4 31.Bxc8 Rxc8 32.Rb6 h5 33.Ke1 a5 34.Kd2 Rd8 35.Kc3 Ne2+ 36.Kc2 h4
37.c5 hxg3 38.hxg3 Kf8 39.c6 Rd6 40.c7 Nd4+ 41.Kc3  1-0

[Event "15th Open"]
[Site "Bosnjaci CRO"]
[Date "2010.01.04"]
[Round "2"]
[White "Bogut,Z"]
[Black "Zuko,R"]
[Result "1-0"]
[WhiteElo "2427"]
[BlackElo "2126"]

1.e4 c5 2.Nf3 Nc6 3.d4 cxd4 4.Nxd4 e6 5.Nb5 d6 6.Bf4 e5 7.Be3 a6 8.N5c3 Be6
9.Nd2 b5 10.a4 b4 11.Nd5 Bxd5 12.exd5 Na5 13.Nc4 Nxc4 14.Bxc4 Qc8 15.Qe2 Nf6
16.a5 Be7 17.Ra4 Qb7 18.Bd2 Nd7 19.Rxb4 Qc8 20.O-O O-O 21.Bb3 f5 22.Rc4 Qb7
23.Ba4 Rad8 24.Rb4 Qc8 25.Bc6 Nb8 26.Rb6 f4 27.f3 Rf6 28.Qe4 Rdf8 29.c4 Bd8
30.Rb7 Rg6 31.b4 Qh3 32.Qxg6  1-0

[Event "15th Open"]
[Site "Bosnjaci CRO"]
[Date "2010.01.04"]
[Round "3"]
[White "Blazeka,Dj"]
[Black "Ljikar,Z"]
[Result "1-0"]
[WhiteElo "1930"]
[BlackElo "2209"]

1.e4 c5 2.Nf3 e6 3.d4 cxd4 4.Nxd4 Nc6 5.Nb5 d6 6.c4 a6 7.N5a3 b6 8.Nc3 Bb7
9.Be2 Nf6 10.O-O Rc8 11.Be3 Ne5 12.f3 Qc7 13.Qd2 Be7 14.Rad1 O-O 15.Rfe1 Rfd8
16.Bf1 d5 17.exd5 exd5 18.Nxd5 Nxd5 19.cxd5 Rxd5 20.Qf2 b5 21.Rc1 Qd7 22.Rxc8+ Bxc8
23.Nc2 h6 24.a3 Bf6 25.Bd4 Bb7 26.Bc3 Ng6 27.Bxf6 gxf6 28.Nb4 Rd2 29.Qe3 Kg7
30.Re2 Rd6 31.Qe8 Qf5 32.Rc2 a5 33.Rc7 Bd5 34.Nxd5 Qxd5 35.Qxb5 Qd4+ 36.Kh1 Re6
37.Qd7 Qxd7 38.Rxd7 Rb6 39.Rd2 Ne5 40.Kg1 h5 41.f4 Ng4 42.Be2 f5 43.Bxg4 fxg4
44.Kf2 Rb3 45.Rc2 Kg6 46.Ke2 h4 47.Kd2 Kf5 48.Ke2 Kxf4 49.Kf2 g3+ 50.hxg3+ hxg3+
51.Ke2 Re3+ 52.Kf1 a4 53.Rc4+ Re4 54.Rc3 f5 55.b3 axb3 56.Rxb3 Rc4 57.Rb4 Rxb4
58.axb4 Ke4 59.b5 Kd3  1-0

[Event "2nd Chennai Open"]
[Site "Chennai IND"]
[Date "2010.01.28"]
[Round "5"]
[White "Gusain,H"]
[Black "Venkatesh,M"]
[Result "0-1"]
[WhiteElo "2214"]
[BlackElo "2432"]

1.e4 c5 2.Nf3 Nc6 3.d4 cxd4 4.Nxd4 e6 5.Nb5 d6 6.c4 Nf6 7.N1c3 a6 8.Na3 Be7
9.Be2 O-O 10.O-O b6 11.Nc2 Bb7 12.Ne3 Qc7 13.Qd2 Rfd8 14.Rd1 Rac8 15.Kh1 Ne5
16.f3 Ng6 17.Bf1 h5 18.a4 h4 19.b3 Nh5 20.Bb2 Bg5 21.Qf2 Ng3+ 22.hxg3 hxg3
23.Qe1 Bf4 24.Bd3 Qe7 25.Kg1 Qh4 26.Nf1 Rc5 27.Ne2 Rg5 28.Bc1 e5 29.Ra2 Kh7
30.Nexg3 Rxg3 31.Bxf4 exf4 32.Nxg3 fxg3 33.Qe3 Re8 34.Kf1 f5 35.Ke1 Nf4 36.Kd2 Nxg2
37.Qg1 Qf4+ 38.Kc3 Nh4 39.exf5 Re3 40.Rc2 Nxf3 41.Qh1+ Kg8 42.Qh5 Bc6 43.Rh1 Qe5+
44.Kb4 Rxd3 45.Qh7+ Kf8 46.Ka3 Bxa4 47.Qh8+ Kf7 48.Qh5+ Ke7 49.f6+ Kxf6 50.Qxe5+ dxe5
51.Kxa4 Nd4 52.Rb2 Kf5 53.b4 b5+ 54.cxb5 axb5+ 55.Ka5 e4 56.Rg2 Kf4 57.Rh7 g5
58.Rf7+ Kg4 59.Rf1 e3 60.Re1 Kf3 61.Rgg1 g2 62.Kb6 Kf2 63.Kc5 Nf3 64.Rxe3 Rxe3  0-1

[Event "Open"]
[Site "Novy Bor CZE"]
[Date "2010.02.20"]
[Round "9"]
[White "Filinkov,A"]
[Black "Marchadour,E"]
[Result "1-0"]
[WhiteElo "2261"]
[BlackElo "2068"]

1.e4 c5 2.Nf3 e6 3.d4 cxd4 4.Nxd4 Nc6 5.Nb5 d6 6.c4 a6 7.N5a3 Nf6 8.Nc3 Be7
9.Be2 O-O 10.O-O Bd7 11.Be3 Na7 12.f3 Bc6 13.Qb3 Nd7 14.Rfd1 Qc7 15.Rac1 Nc8
16.Qc2 Rd8 17.b4 b6 18.Qb3 Bb7 19.Nc2 Qb8 20.f4 a5 21.a3 a4 22.Qb1 Bf6 23.Nd4 Be7
24.Bf3 Nf6 25.Qc2 Qc7 26.Qe2 Qb8 27.Qf2 Rf8 28.Ndb5 Bc6 29.e5 Bxf3 30.exf6 Bxd1
31.fxe7 Nxe7 32.Rxd1 Nc8 33.f5 exf5 34.Qxf5 Qb7 35.Ne4 Ne7 36.Nf6+ gxf6 37.Qxf6  1-0

[Event "JNBS UWI Masters"]
[Site "Kingston JAM"]
[Date "2010.03.17"]
[Round "4"]
[White "Matthews,S"]
[Black "Zivanic,M"]
[Result "0-1"]
[WhiteElo "2203"]
[BlackElo "2490"]

1.e4 c5 2.Nf3 e6 3.d4 cxd4 4.Nxd4 Nc6 5.Nb5 d6 6.c4 Nf6 7.N1c3 a6 8.Na3 Be7
9.Be2 Qc7 10.Be3 O-O 11.O-O Ne5 12.f4 Ned7 13.Qd2 b6 14.Bf3 Bb7 15.Rae1 Rac8
16.Kh1 Rfd8 17.Qf2 Nc5 18.Bxc5 bxc5 19.e5 Ne8 20.f5 dxe5 21.fxe6 f6 22.Bxb7 Qxb7
23.Rxe5 Nc7 24.Re2 Rd4 25.Nc2 Rd6 26.Ne3 Rxe6 27.Ned5 Bf8 28.Nxc7 Rxe2 29.Qxe2 Rxc7
30.Nd5 Rf7 31.b3 Qc6 32.Re1 a5 33.a4 f5 34.Qe6 Qxe6 35.Rxe6 Rb7 36.Re3 Kf7
37.Kg1 g6 38.Kf2 Bg7 39.Kf3 Bd4 40.Rd3 h5 41.h4 Rb8 42.Nf4 Kf6 43.Nd5+ Kf7
44.Nf4 Re8 45.Ne2 Re4 46.g3 Kf6 47.Nxd4 cxd4 48.b4 axb4 49.a5 Ke5 50.Rb3 Re1
51.a6 Ra1 52.Rxb4 Ra3+ 53.Ke2 Rxa6 54.Rb8 Ra2+ 55.Kf3 Ra3+ 56.Kf2 Ke4 57.Re8+ Kd3
58.c5 Rc3 59.Re6 Kc2 60.Rxg6 d3 61.Rd6 Rxc5 62.Ke3 Rc8 63.Rd5 Rc3 64.Kf2 Rc4
65.Ke3 Re4+ 66.Kf2 d2  0-1

[Event "Victor Ciocaltea Mem"]
[Site "Bucharest ROU"]
[Date "2010.03.29"]
[Round "7"]
[White "Lupulescu,C"]
[Black "Lapcevic,M"]
[Result "1-0"]
[WhiteElo "2598"]
[BlackElo "2414"]

1.e4 c5 2.Nf3 e6 3.d4 cxd4 4.Nxd4 Nc6 5.Nb5 d6 6.c4 Nf6 7.N1c3 a6 8.Na3 Be7
9.Be2 b6 10.Be3 Bb7 11.Qb3 Nd7 12.O-O Nc5 13.Qc2 O-O 14.Rad1 Qc7 15.Qd2 Nb4
16.f3 Rfd8 17.Nc2 Nxc2 18.Qxc2 Rac8 19.Kh1 Nd7 20.Qd2 Bc6 21.Rc1 Qb8 22.b4 a5
23.a3 Qa7 24.Rfd1 Ne5 25.Qb2 axb4 26.axb4 Be8 27.Qb3 g5 28.h3 Ra8 29.Qb2 Rdc8
30.Qd2 Nxc4 31.Bxc4 Rxc4 32.Bxg5 f6 33.Be3 Rac8 34.Ra1 Qb7 35.Ne2 Kf7 36.Qe1 Kg8
37.Qg3+ Kh8 38.Bh6 Bg6 39.Nf4 Rg8 40.Nxe6 Qd7 41.Nf4 Bxe4 42.Qf2 Bf5 43.Rd4 Rc2
44.Rd2 Rxd2 45.Qxd2 d5 46.Qd4 Rd8 47.Nh5 Kg8 48.Nxf6+ Bxf6 49.Qxf6 Re8 50.Rd1 Qf7
51.Qg5+ Qg6 52.Rxd5 Qxg5 53.Bxg5 Re1+ 54.Kh2 Be6 55.Rd8+ Kf7 56.Rb8 Re5 57.Bf4 Rb5
58.Rb7+ Kg6 59.Bd2 h5 60.Bc3 Bd5 61.Rg7+ Kh6 62.Re7 Bb3 63.Rd7 Rd5 64.Rxd5 Bxd5
65.Bf6 Kg6 66.Bd8 b5 67.Kg3 Bc4 68.Kf2 Bb3 69.g4 Bd1 70.Kg3 Be2 71.f4 hxg4
72.hxg4 Kf7 73.f5 Bd3 74.Kf4 Kg7 75.g5 Bc2 76.Bb6 Bb1 77.Bd4+ Kf7 78.g6+ Kg8
79.Kg5  1-0

[Event "Victor Ciocaltea Mem"]
[Site "Bucharest ROU"]
[Date "2010.04.02"]
[Round "11"]
[White "Murariu,A"]
[Black "Lapcevic,M"]
[Result "1-0"]
[WhiteElo "2479"]
[BlackElo "2414"]

1.e4 c5 2.Nf3 e6 3.d4 cxd4 4.Nxd4 Nc6 5.Nb5 d6 6.c4 Nf6 7.N1c3 a6 8.Na3 Be7
9.Be2 b6 10.Be3 O-O 11.O-O Ne5 12.f3 Ned7 13.Rf2 Qc7 14.Bf1 Bb7 15.Rd2 Rac8
16.Kh1 Rfd8 17.Rc1 h6 18.Nab1 Ne8 19.b4 Bg5 20.Qe1 Bxe3 21.Qxe3 Nef6 22.Rdd1 Kf8
23.a3 Ke7 24.Nd2 g5 25.Nb3 Ne5 26.Na4 Nfd7 27.Nd4 Rg8 28.Rc2 h5 29.Rdc1 Nc6
30.Nb3 Ra8 31.c5 dxc5 32.bxc5 b5 33.Nb6 Rad8 34.Nd5+ exd5 35.exd5+ Qe5 36.Qd2 Kf6
37.Re1 Qf4 38.Qc3+ Nde5 39.Re4 Qf5 40.dxc6 Rd1 41.Kg1 Bxc6 42.Nd4 Bxe4 43.Nxf5 Bxf5
44.Rd2 Rd8 45.Rxd8 Rxd8 46.h4 Rd5 47.c6 Ke7 48.c7 Bc8 49.hxg5 Kd6 50.f4 Ng4
51.Be2 Rc5 52.Qd4+ Rd5 53.Qb6+ Kd7 54.Bf3 Rd6 55.Qc5 Re6 56.g3 Re1+ 57.Kg2 Re6
58.f5 Rd6 59.f6 Ke6 60.Bxg4+ hxg4 61.Qe3+ Kd7 62.Qe7+ Kc6 63.Qd8  1-0

[Event "Easter Open"]
[Site "Medellin COL"]
[Date "2010.04.02"]
[Round "4"]
[White "Cespedes,C"]
[Black "Cuartas,Ja"]
[Result "0-1"]
[WhiteElo "2117"]
[BlackElo "2521"]

1.e4 c5 2.Nf3 e6 3.d4 cxd4 4.Nxd4 Nc6 5.Nb5 Nf6 6.f3 d6 7.c4 a6 8.N5c3 Be7
9.Be3 O-O 10.Be2 Qc7 11.O-O Ne5 12.Nd2 b6 13.Qb3 Ned7 14.Na4 Rb8 15.Rac1 Nc5
16.Qc2 Nxa4 17.Qxa4 Bb7 18.Qb3 Bc6 19.Nb1 Qb7 20.Nc3 b5 21.cxb5 axb5 22.Bd3 Nd7
23.Bb1 Nc5 24.Qc2 Rfc8 25.e5 g6 26.exd6 Bxd6 27.Qf2 b4 28.Ne2 Na4 29.b3 Nb6
30.Nd4 Nd5 31.Rxc6 Rxc6 32.Nxc6 Qxc6 33.Rc1 Qa6 34.Bd4 Rc8 35.Rxc8+ Qxc8
36.Qc2 Qxc2 37.Bxc2 e5 38.Ba1 Bc5+ 39.Kf1 Ne3+ 40.Ke2 Nxc2 41.Bxe5 Na3 42.Kd3 f5  0-1